LEADER 02249nam0 2200385 i 450 001 BVEE062225 005 20170908093232.0 012 $a19s: o:.9 elus digl (3) 1537 (A)$2fei 100 $a20140324d1537 ||||0itac50 ba 101 | $alat 102 $ait 181 1$6z01$ai $bxxxe 182 1$6z01$an 200 1 $aVidebis lector: hoc in volumine statuta veneta emendatissima. Eisdem de nouo additis correctionibus in creatione serenissimorum principum vltimi Barbadici: Lauretani: Grimani: & inclyti Andreae griti. Cum practica iudiciali necessaria 210 $eStampata in Venetia$gper Bernardino benalio & compagno$h1537. adi. 15. Mazo °|! 215 $a°32!, 192, 11, °1! c.$d8º 300 $aGot 300 $aSegn.: ✝⁸ A-2D⁸ ²✝¹² 300 $aIniziali xil 300 $aPrologo e testo stampati in rosso e nero 300 $aFront. entro cornice xil. 316 $a1 v.$5IT-NA0079, STATUTI 495 316 $a1 v.$5IT-NA0079, STATUTI 495 517 1 $aStatuta veneta emendatissima. ...$9BVEE062226 710 02$aVenezia$c $3CFIV016774$4070$032791 712 02$aBenali, Bernardino & compagno$3BVEV116636$4650 801 3$aIT$bIT-NA0079$c20140324 850 $aIT-NA0079 899 1$aBiblioteca Nazionale Vittorio Emanuele III$bNA0079$42 esemplari$eS$uhttp://books.google.com/books?vid=IBNN:BN001407945 | http://books.google.com/books?vid=IBNN:BN001407944 912 $aBVEE062225 950 0$aBiblioteca Nazionale Vittorio Emanuele III$c1 v.$d BNSTATUTI 495$e BN 0014079445G B 1 v.$fC $h20140324$i20140324$c1 v.$d BNSTATUTI 496$e BN 0014079455G B 1 v.$fC $h20140324$i20140324 956 $aBiblioteca Nazionale Vittorio Emanuele III$b1$c $d $eBN 001407944$uhttp://books.google.com/books?vid=IBNN:BN001407944$z BNSTATUTI 495$b1$c $d $eBN 001407945$uhttp://books.google.com/books?vid=IBNN:BN001407945$z BNSTATUTI 496 977 $a BN 996 $aVidebis lector: hoc in volumine statuta veneta emendatissima. Eisdem de nouo additis correctionibus in creatione serenissimorum principum vltimi Barbadici: Lauretani: Grimani: & inclyti Andreae griti. Cum practica iudiciali necessaria$91482454 997 $aUNISANNIO LEADER 01035nam0 22003011i 450 001 UON00516705 005 20231205105524.914 010 $a88-459-1508-5 100 $a20230807d2000 |0itac50 ba 101 $aita 102 $aIT 105 $a|||| ||||| 200 1 $aAl muro del tempo$fErnst Jnger 210 $aMilano$cAdelphi$d2000 215 $a283 p.$d22 cm 410 1$1001UON00008983$12001 $aBiblioteca Adelphi$v386 606 $aMETAFISICA$3UONC043825$2FI 620 $aIT$dMilano$3UONL000005 676 $a115$cTempo$v21 676 $a834$cLetteratura tedesca. Saggi.$v21 700 1$aJNGER$bErnst$3UONV100501$0384811 712 $aAdelphi$3UONV245967$4650 801 $aIT$bSOL$c20240220$gRICA 899 $aSIBA - SISTEMA BIBLIOTECARIO DI ATENEO$2UONSI 912 $aUON00516705 950 $aSIBA - SISTEMA BIBLIOTECARIO DI ATENEO$dSI F. Goethe 830 JUE 3110 $eSI 44941 5 3110 996 $aAn der Zeitmauer$920648 997 $aUNIOR